echelle de mot de Lucas à Jeanne - Statistiques

Statistiques générales
  • Ce quiz a été pris 272 fois
  • Le résultat moyen est 21 sur 39
Statistiques - réponses
Hint Réponse % Correct
Besson Luc
99%
Dernier ancêtre commun universel (-1 lettre) Luca
94%
Chien (anglais) Dog
93%
Plus bel homme sur terre Lucas
93%
Titre de noblesse Duc
90%
Creusé (anglais) Dug
78%
Mauvais (anglais) bad
76%
Sac (anglais) bag
76%
Avant le bronze et l'argent Or
76%
Fille aigrie au réveil Jeanne
72%
Snoop Dogg
69%
Ou l'on dort Lit
64%
Après le sol La
63%
Lieu culte de consommation sans modération Bar
58%
Tom et Jerry
58%
Oui en russe Da
57%
Prix de tombola Lot
56%
Preposition De
54%
Ils sont connus au Connemara Lac
53%
En argile, Jeanne aimerai bien en fabriquer Pot
52%
Argon Ar
50%
Un copain Pote
50%
Stylo culte ou briquet pour Jeanne Bic
49%
Lucas a eu une meilleure note que Jeanne BAC
40%
Berlin sur un billet d'avion BER
40%
Marque d'enceinte Bose
40%
position (+1 lettre) Doggy
37%
Le manequin la tien Pose
36%
Second Bis
35%
La dernière Der
35%
Dégouté Deg
34%
Ancien (-3 lettres) OG
33%
Du mamelou chez les femmes Lait
32%
Dégoût Berk
31%
J'adore la faire à Tess Bise
30%
Regle dans l'école francaise Laic
21%
Dérivée de l'acceleration Jerk
17%
Amie de Woody Jessy
15%
Ville Italienne Jenne
6%
Aucun quiz correspondant
Distribution des résultats
% des personnes avec chaque résultat
Percentile par nombre de réponses
Votre historique - résultats
Vous n’avez pas pris ce quiz